| 000 | 01081cam a2200289 i 4500 | ||
|---|---|---|---|
| 999 |
_c200446779 _d64991 |
||
| 003 | TR-AnTOB | ||
| 005 | 20231215085538.0 | ||
| 007 | ta | ||
| 008 | 131129s2007 tu a tu tu tu | ||
| 040 |
_aTR-AnTOB _beng _erda _cTR-AnTOB |
||
| 041 | 0 | _atur | |
| 050 | 1 | 4 |
_aG155.T8 _bD869 2007 |
| 090 |
_aG155.T8 _bD869 2007 |
||
| 110 | 1 |
_aTurkey. _bKültür ve Turizm Bakanlığı _994335 |
|
| 110 |
_aTürkiye. _bKültür ve Turizm Bakanlığı _941232 |
||
| 245 | 1 | 0 |
_aDünyada Türkiye: _b2007 yılı Ocak-Haziran dönemi faaliyetleri / _cT.C. Kültür ve Turizm Bakanlığı Tanıtma Genel Müdürlüğü. |
| 264 | 1 |
_aAnkara: _bT.C. Kültür ve Turizm Bakanlığı, _c2007. |
|
| 300 |
_aunnumbered pages ; _bphotographs, tables ; _c32 cm |
||
| 336 |
_2rdacontent _atext _btxt |
||
| 337 |
_2rdamedia _aunmediated _bn |
||
| 338 |
_2rdacarrier _avolume _bnc |
||
| 650 | 7 |
_aTurizm _zTürkiye _2etuturkob _994548 |
|
| 710 | 1 | 2 |
_aTurkey. _bKültür ve Turizm Bakanlığı _994335 |
| 710 | 2 |
_aTürkiye. _bKültür ve Turizm Bakanlığı _941232 |
|
| 942 |
_cBK _2lcc |
||